[Event "Titled Tue 10th Jun Early"]
[Site "chess.com INT"]
[Date "2025.06.10"]
[Round "2"]
[White "Ivashentseva, Dominika"]
[Black "Jaiveer, Mahendru"]
[Result "1/2-1/2"]
[WhiteTitle "WCM"]
[BlackTitle "FM"]
[WhiteElo "1969"]
[BlackElo "2217"]
[WhiteFideId "34331050"]
[BlackFideId "25611151"]
[EventDate "2025.06.10"]

1. d4 Nf6 2. c4 c6 3. Nf3 d5 4. g3 g6 5. Bg2 Bg7 6. O-O O-O 7. Nc3 dxc4 8. a4 a5
9. e4 Na6 10. Qe2 Nb4 11. Qxc4 Be6 12. Qe2 Bb3 13. Be3 Ng4 14. Ra3 Bc2 15. Na2
Bxe4 16. Rd1 Nxa2 17. Rxa2 Bd5 18. Ra3 Ra6 19. Bf4 Rb6 20. Ne5 Nf6 21. Nc4 Bxc4
22. Qxc4 Rxb2 23. d5 Nxd5 24. Bxd5 cxd5 25. Rxd5 Qb6 26. Be3 Qe6 27. Rad3 h5 28.
Qf4 Qh3 29. Rd1 Rb4 30. Qc7 e6 31. Qxa5 Rb2 32. R5d2 Rb3 33. Qc7 Bf6 34. Qf4 Bg7
35. Qe4 e5 36. Qg2 Qf5 37. Rd7 Ra3 38. a5 Qc2 39. Qxb7 Rxa5 40. R7d2 Qc3 41. Bb6
Rb5 42. Qc7 Qxc7 43. Bxc7 e4 44. Bd6 Re8 45. Bf4 f5 46. Be3 Bf6 47. Rd6 Kf7 48.
Rd7+ Re7 49. Rxe7+ Bxe7 50. Kg2 Ke6 51. h4 Rb3 52. Ra1 Rd3 53. Ra6+ Rd6 54. Ra8
Rc6 55. Rg8 Kf7 56. Ra8 Bc5 57. Bxc5 Rxc5 58. Ra7+ Kf6 59. Ra6+ Kg7 60. Ra7+ Kh6
61. Re7 Rc8 62. Kf1 Rg8 63. Ke2 Rg7 64. Re8 Kh7 65. f3 exf3+ 66. Kxf3 Rb7 67.
Kf4 Kg7 68. Ra8 Rb4+ 69. Kf3 Rd4 70. Ra6 Kf7 71. Rb6 Rd3+ 72. Kf4 Rd4+ 73. Kf3
Rd8 74. Ra6 Rc8 75. Kf4 Rc4+ 76. Kf3 Rc3+ 77. Kf4 Rd3 78. Ra7+ Ke6 79. Ra6+ Kf7
80. Ra7+ Kf6 81. Ra6+ Kg7 82. Ra7+ Kh6 83. Ra6 Rd4+ 84. Kf3 Rb4 85. Rc6 Rg4 86.
Ra6 f4 87. gxf4 Rxh4 88. Ra7 Rh1 89. Kg3 Rg1+ 90. Kf3 Rf1+ 91. Kg3 Rg1+ 92. Kf3
h4 93. Ra8 Rg3+ 94. Kf2 Kh5 95. Ra5+ Kg4 96. f5 Rf3+ 97. Kg2 Rxf5 98. Ra4+ Rf4
99. Ra8 h3+ 100. Kh2 Rf2+ 101. Kg1 Rc2 102. Ra4+ Kh5 103. Ra3 Rg2+ 104. Kh1 Kg4
105. Ra4+ Kg5 106. Ra5+ Kh6 107. Rh5+ Kg7 108. Rh7+ Kf6 109. Rf7+ Ke5 110. Rf5+
Ke4 111. Re5+ Kf4 112. Re4+ Kf3 113. Rf4+ Kg3 114. Rg4+ Kf2 115. Rf4+ Ke1 116.
Rf1+ Kd2 117. Rd1+ Ke2 118. Re1+ Kf3 119. Re3+ Kg4 120. Re4+ Kg3 121. Rg4+ Kf2
122. Rf4+ Ke3 123. Re4+ Kd3 124. Rd4+ Ke2 125. Rd2+ Kf3 126. Rd3+ Ke4 127. Rd4+
Ke5 128. Re4+ Kf5 129. Rf4+ Kg5 130. Rf5+ Kh4 131. Rh5+ Kg3 132. Rxh3+ Kf2 133.
Ra3 Rg1+ 134. Kh2 Rg5 135. Ra2+ Kf3 136. Ra3+ Kg4 137. Ra4+ Kh5 138. Kh3 Rd5
139. Rh4+ Kg5 140. Rg4+ Kf5 141. Ra4 Rd1 142. Ra5+ Kf4 143. Kg2 Rd2+ 144. Kh3 g5
145. Ra4+ Kf5 146. Ra3 Rd4 147. Kg3 Rg4+ 148. Kf3 Rh4 149. Kg3 Kg6 150. Ra6+ Kh5
151. Ra8 Rg4+ 152. Kh3 Rb4 153. Rh8+ Kg6 154. Rg8+ Kf6 155. Rf8+ Kg7 156. Rf5
Kg6 157. Rf8 Rb3+ 158. Kg4 Rb4+ 159. Kg3 Rc4 160. Rg8+ Kf6 161. Rf8+ Ke6 162.
Rg8 Rc5 163. Kg4 Kf6 164. Rf8+ Kg7 165. Ra8 Re5 166. Ra7+ Kf6 167. Ra6+ Kf7 168.
Ra7+ Ke6 169. Ra6+ Kd7 170. Rg6 Ke7 171. Rxg5 Re4+ 172. Kh5 Rb4 173. Rg4 Rb5+
174. Kh4 Kf6 175. Kg3 Kf5 176. Rf4+ Kg5 177. Rg4+ Kf6 178. Rf4+ Ke5 179. Rf3 Rb2
180. Rf2 Rb3+ 181. Rf3 Rb1 182. Rf2 Ke4 183. Rf4+ Ke3 184. Rf3+ Ke4 185. Rf4+
Ke5 186. Rf2 Rg1+ 187. Rg2 Re1 188. Rf2 Re3+ 189. Rf3 Re4 190. Rf2 Rc4 191. Re2+
Kf5 192. Rf2+ Kg5 193. Kf3 Rc3+ 194. Ke2 Rc2+ 195. Ke3 Rxf2 196. Kxf2 1/2-1/2

[Event "Titled Tue 10th Jun Early"]
[Site "chess.com INT"]
[Date "2025.06.10"]
[Round "3"]
[White "Principe, Gerson"]
[Black "Girones Barrios, Yans Richard"]
[Result "1-0"]
[WhiteTitle "FM"]
[BlackTitle "FM"]
[WhiteElo "2176"]
[BlackElo "2385"]
[WhiteFideId "3804550"]
[BlackFideId "3506142"]
[EventDate "2025.06.10"]

1. d4 Nf6 2. Nf3 d5 3. c4 dxc4 4. e3 e6 5. Bxc4 c5 6. O-O a6 7. Qe2 Nbd7 8. Rd1
b5 9. Bd3 Bb7 10. a4 c4 11. Bc2 1-0

[Event "Titled Tue 10th Jun Early"]
[Site "chess.com INT"]
[Date "2025.06.10"]
[Round "3"]
[White "Rosen, Eric"]
[Black "Zhauynbay, Alimzhan"]
[Result "1-0"]
[WhiteTitle "IM"]
[BlackTitle "CM"]
[WhiteElo "2377"]
[BlackElo "2133"]
[WhiteFideId "2032562"]
[BlackFideId "13782657"]
[EventDate "2025.06.10"]

1. d4 Nf6 2. Bf4 g6 3. Nc3 d5 4. e3 Bg7 5. h4 h5 6. Nf3 O-O 7. Ne5 c5 8. dxc5
Qa5 9. Qd2 Qxc5 10. Na4 Qc7 11. Nxg6 Qd7 12. Nc5 Qb5 13. Bxb5 1-0

[Event "Titled Tue 10th Jun Early"]
[Site "chess.com INT"]
[Date "2025.06.10"]
[Round "3"]
[White "Carlsson, Ludvig"]
[Black "Gholami Orimi, Mahdi"]
[Result "0-1"]
[WhiteTitle "IM"]
[BlackTitle "GM"]
[WhiteElo "2379"]
[BlackElo "2511"]
[WhiteFideId "1727010"]
[BlackFideId "12558486"]
[EventDate "2025.06.10"]

1. e4 e5 2. Nf3 Nc6 3. Nc3 Nf6 4. d4 exd4 5. Nxd4 Bb4 6. Nxc6 bxc6 7. Bd3 O-O 8.
O-O d5 9. Bd2 Rb8 10. Re1 Re8 11. exd5 Rxe1+ 12. Qxe1 cxd5 13. b3 h6 14. h3 c6
15. Ne2 Bd6 16. Bf4 c5 17. Qa5 Qxa5 0-1

[Event "Titled Tue 10th Jun Early"]
[Site "chess.com INT"]
[Date "2025.06.10"]
[Round "3"]
[White "Toropov, Pavel"]
[Black "Khazan, Yevgeny"]
[Result "1-0"]
[WhiteTitle "FM"]
[BlackTitle "CM"]
[WhiteElo "2308"]
[BlackElo "2135"]
[WhiteFideId "24129178"]
[BlackFideId "2806193"]
[EventDate "2025.06.10"]

1. e4 c5 2. Nf3 e6 3. d4 cxd4 4. Nxd4 Nf6 5. Nc3 d6 6. Qf3 Nc6 7. Be3 Bd7 8.
O-O-O Be7 9. Qg3 O-O 10. f4 Nxd4 11. Bxd4 d5 12. exd5 Nxd5 13. Qxg7# 1-0

[Event "Titled Tue 10th Jun Early"]
[Site "chess.com INT"]
[Date "2025.06.10"]
[Round "3"]
[White "Nguyen Quang Anh"]
[Black "Ivanov, Andrey A."]
[Result "1-0"]
[WhiteTitle "CM"]
[BlackTitle "CM"]
[WhiteElo "2052"]
[BlackElo "2120"]
[WhiteFideId "12432377"]
[BlackFideId "2514311"]
[EventDate "2025.06.10"]

1. d4 Nf6 2. c4 e6 3. Nc3 Bb4 4. f3 Qe7 5. a3 Bxc3+ 6. bxc3 d6 7. e4 e5 8. Bd3
O-O 9. Ne2 Nc6 10. O-O b6 11. Be3 Ba6 12. Ng3 Na5 13. Qe2 g6 14. Bg5 Qe6 15. d5
Qe7 16. h4 Kg7 17. f4 h6 18. fxe5 1-0

[Event "Titled Tue 10th Jun Early"]
[Site "chess.com INT"]
[Date "2025.06.10"]
[Round "3"]
[White "Koridze, Lile"]
[Black "Sathvik Adiga"]
[Result "0-1"]
[WhiteTitle "WFM"]
[BlackTitle "IM"]
[WhiteElo "2110"]
[BlackElo "2341"]
[WhiteFideId "13612514"]
[BlackFideId "25745700"]
[EventDate "2025.06.10"]

1. d4 d5 2. c4 e6 3. Nf3 Nf6 4. g3 c5 5. cxd5 cxd4 6. Nxd4 Qxd5 7. f3 Bc5 8. Be3
O-O 9. Nc3 Qe5 10. Bf2 Rd8 11. e3 Bxd4 12. Qd3 Bxc3+ 13. Qxc3 Qxc3+ 14. bxc3 b6
15. Bg2 Bb7 16. O-O Nbd7 17. Rfd1 Nc5 18. e4 Kf8 19. Be3 Ke8 20. Kf2 Rxd1 21.
Rxd1 Rd8 22. Rd4 Rxd4 23. Bxd4 Ncd7 24. Ke3 e5 0-1

[Event "Titled Tue 10th Jun Early"]
[Site "chess.com INT"]
[Date "2025.06.10"]
[Round "3"]
[White "Loskutova, Viktoriya"]
[Black "Petrenko, Maryna"]
[Result "1-0"]
[WhiteTitle "WFM"]
[BlackTitle "WFM"]
[WhiteElo "2092"]
[BlackElo "2062"]
[WhiteFideId "34166278"]
[BlackFideId "14197820"]
[EventDate "2025.06.10"]

1. e4 c6 2. d4 d5 3. e5 c5 4. dxc5 Nc6 5. f4 e6 6. Be3 Nh6 7. Nf3 Ng4 8. Bg1 Be7
9. c4 Qa5+ 10. Nfd2 Nh6 11. Nc3 Bxc5 12. Nb3 1-0

[Event "Titled Tue 10th Jun Early"]
[Site "chess.com INT"]
[Date "2025.06.10"]
[Round "3"]
[White "Kilic, Eray"]
[Black "Moghaddamian, Afshin"]
[Result "1-0"]
[WhiteTitle "IM"]
[BlackTitle "CM"]
[WhiteElo "2474"]
[BlackElo "2126"]
[WhiteFideId "44517173"]
[BlackFideId "12503886"]
[EventDate "2025.06.10"]

1. e4 c6 2. Nc3 d5 3. Nf3 dxe4 4. Nxe4 Nf6 5. Nxf6+ exf6 6. d4 Bd6 7. Bd3 O-O 8.
O-O Bg4 9. h3 Bh5 10. Be4 Re8 11. Qd3 Bg6 12. Bxg6 hxg6 13. Be3 Nd7 14. Rfd1 Qc7
15. c4 Bf4 16. Bxf4 Qxf4 17. Qb3 Rab8 18. Re1 Re4 19. Rxe4 Qxe4 20. Re1 Qf5 21.
Re7 Kf8 22. g4 Qf4 23. Rxd7 Ke8 24. Rxb7 Rxb7 25. Qxb7 Qxf3 26. Qa8+ Ke7 27.
Qxa7+ Kf8 28. Qa3+ 1-0

[Event "Titled Tue 10th Jun Early"]
[Site "chess.com INT"]
[Date "2025.06.10"]
[Round "3"]
[White "Margl, Roland"]
[Black "Levi, Eddy L"]
[Result "1-0"]
[WhiteTitle "FM"]
[BlackTitle "FM"]
[WhiteElo "2289"]
[BlackElo "2147"]
[WhiteFideId "773719"]
[BlackFideId "3200183"]
[EventDate "2025.06.10"]

1. d4 Nf6 2. c4 e5 3. dxe5 Ng4 4. Nh3 Nxe5 5. e3 g6 6. Nf4 Bg7 7. Nc3 O-O 8. Be2
d6 9. O-O Nbc6 10. Qd2 Re8 11. b3 Bg4 12. Bb2 Bxe2 13. Qxe2 Qd7 14. Rfd1 Rad8
15. c5 Qf5 16. cxd6 cxd6 17. Ncd5 Ne7 18. Rac1 Nxd5 19. Rxd5 Nc6 20. Bxg7 Kxg7
21. Qb2+ Qf6 22. Nh5+ gxh5 23. Rg5+ 1-0

[Event "Titled Tue 10th Jun Early"]
[Site "chess.com INT"]
[Date "2025.06.10"]
[Round "3"]
[White "Perry, Patrick"]
[Black "Smieszek, Wojciech"]
[Result "0-1"]
[BlackTitle "CM"]
[WhiteElo "2296"]
[BlackElo "2141"]
[WhiteFideId "30917727"]
[BlackFideId "1156047"]
[EventDate "2025.06.10"]

1. e4 c5 2. d4 cxd4 3. Nf3 g6 4. Qxd4 Nf6 5. e5 Nc6 6. Qf4 Nd5 7. Qe4 Nb6 8. Nc3
d5 9. exd6 Bf5 10. Qe2 Bg7 11. Bd2 O-O 12. O-O-O Qxd6 13. Nh4 Nd4 14. Qe1 Bxc2
15. Be3 Bxd1 16. Qxd1 Rac8 17. Kb1 Rfd8 18. Be2 Qb4 19. Bxd4 Rxd4 20. Qb3 Qxb3
21. axb3 Rxh4 0-1

[Event "Titled Tue 10th Jun Early"]
[Site "chess.com INT"]
[Date "2025.06.10"]
[Round "3"]
[White "Povshednyi, Ivan"]
[Black "Marchesich, Giovanni"]
[Result "1-0"]
[WhiteTitle "FM"]
[BlackTitle "CM"]
[WhiteElo "2309"]
[BlackElo "2189"]
[WhiteFideId "14190907"]
[BlackFideId "2824790"]
[EventDate "2025.06.10"]

1. d4 c5 2. d5 e5 3. e4 d6 4. a4 Be7 5. Nc3 Bg5 6. Nf3 Bxc1 7. Qxc1 Ne7 8. Nd2
O-O 9. Nc4 a6 10. Be2 f5 11. O-O fxe4 12. Nxe4 Nf5 13. c3 Qe7 14. Nb6 Ra7 15.
Nxc8 Rxc8 16. Bg4 Rf8 17. f4 g6 18. fxe5 Qxe5 19. Bxf5 gxf5 20. Qg5+ Kh8 21.
Rae1 Nd7 22. Nxc5 1-0

[Event "Titled Tue 10th Jun Early"]
[Site "chess.com INT"]
[Date "2025.06.10"]
[Round "3"]
[White "Ochedzan, Filip"]
[Black "Leon Acevedo, Juan Alejandro"]
[Result "0-1"]
[WhiteTitle "CM"]
[BlackTitle "CM"]
[WhiteElo "1983"]
[BlackElo "2008"]
[WhiteFideId "21892610"]
[BlackFideId "4459261"]
[EventDate "2025.06.10"]

1. f4 d5 2. Nf3 Nf6 3. g3 g6 4. Bg2 Bg7 5. O-O O-O 6. d3 c5 7. Qe1 d4 8. e4 dxe3
9. Bxe3 Nd5 10. Nc3 Nxe3 11. Qxe3 Bd4 12. Nxd4 cxd4 13. Qf3 dxc3 14. bxc3 Nc6
15. d4 Bf5 16. Rab1 Na5 17. Qe2 Rc8 18. Rf3 Bg4 19. Rb5 Bxf3 20. Qxf3 b6 21. h4
Qd7 22. Rd5 Qc6 23. Qg4 Qxc3 24. h5 Qxc2 25. hxg6 hxg6 26. f5 Nc4 27. fxg6 Qxg2+
28. Kxg2 Ne3+ 29. Kf3 Nxg4 30. Kxg4 fxg6 31. Kg5 Rf5+ 0-1

[Event "Titled Tue 10th Jun Early"]
[Site "chess.com INT"]
[Date "2025.06.10"]
[Round "3"]
[White "Hoeffer, David"]
[Black "Bukreev, Stanislav"]
[Result "1-0"]
[WhiteTitle "FM"]
[BlackTitle "FM"]
[WhiteElo "2295"]
[BlackElo "2305"]
[WhiteFideId "24606766"]
[BlackFideId "34252347"]
[EventDate "2025.06.10"]

1. d4 Nf6 2. Nc3 e6 3. Bf4 Bb4 4. Qd3 Bxc3+ 5. Qxc3 Nd5 6. Qd2 Nxf4 7. Qxf4 d5
8. O-O-O Nd7 9. e3 a5 10. Nf3 Nf6 11. Ne5 Bd7 12. Bd3 b5 13. g4 O-O 14. h4 b4
15. h5 a4 16. g5 Ne8 17. Bxh7+ Kxh7 18. g6+ Kg8 19. gxf7+ Kh7 20. Qg4 Qf6 21.
Qg6+ Kh8 22. h6 1-0

[Event "Titled Tue 10th Jun Early"]
[Site "chess.com INT"]
[Date "2025.06.10"]
[Round "3"]
[White "Hernandez Jimenez, Alexander Andres"]
[Black "Chan, Kim Yew"]
[Result "0-1"]
[WhiteTitle "FM"]
[BlackTitle "FM"]
[WhiteElo "2069"]
[BlackElo "2304"]
[WhiteFideId "3900452"]
[BlackFideId "5717981"]
[EventDate "2025.06.10"]

1. e4 e6 2. d4 d5 3. Nc3 Nf6 4. e5 Nfd7 5. f4 c5 6. Nf3 Nc6 7. Be3 cxd4 8. Nxd4
Qb6 9. Qd2 Qxb2 10. Rb1 Qa3 11. Rb3 Qa5 12. Bb5 Nxd4 13. Bxd4 Qc7 14. O-O Bc5
15. f5 O-O 16. fxe6 fxe6 17. Rxf8+ Nxf8 18. Ne2 Bd7 19. Bxd7 Nxd7 20. Nf4 Qxe5
21. Bxc5 Nxc5 22. Rg3 Ne4 0-1

[Event "Titled Tue 10th Jun Early"]
[Site "chess.com INT"]
[Date "2025.06.10"]
[Round "3"]
[White "Cardozo Munar, Carlos Eduardo"]
[Black "Thorhallsson, Simon"]
[Result "1-0"]
[WhiteTitle "FM"]
[BlackTitle "FM"]
[WhiteElo "2052"]
[BlackElo "2202"]
[WhiteFideId "4409477"]
[BlackFideId "2310090"]
[EventDate "2025.06.10"]

1. d4 Nf6 2. Bg5 c5 3. d5 Qb6 4. Nc3 Qxb2 5. Bd2 Qb6 6. e4 d6 7. f4 Bg4 8. Nf3
Nbd7 9. Rb1 Qd8 10. Rxb7 g6 11. Bb5 Bg7 12. e5 O-O 13. exf6 Nxf6 14. Bc6 e6 15.
O-O exd5 16. Nxd5 Ne4 17. Ne7+ Kh8 18. Bxe4 Re8 19. h3 Rxe7 20. Rxe7 Rb8 21.
Rxf7 Be6 22. Rxg7 Kxg7 23. Bc3+ Kg8 24. Bd5 Qd7 25. Re1 1-0

[Event "Titled Tue 10th Jun Early"]
[Site "chess.com INT"]
[Date "2025.06.10"]
[Round "3"]
[White "Rahman, Masruri"]
[Black "Sychev, Klementy"]
[Result "0-1"]
[WhiteTitle "FM"]
[BlackTitle "GM"]
[WhiteElo "2407"]
[BlackElo "2513"]
[WhiteFideId "7101163"]
[BlackFideId "4114060"]
[EventDate "2025.06.10"]

1. d4 Nf6 2. Bf4 d6 3. Nc3 Nbd7 4. Nf3 c5 5. d5 Qa5 6. Qd2 b5 7. Bg3 Bb7 8. e3
b4 9. Nb1 Bxd5 10. c4 Bc6 11. b3 g6 12. Bd3 Bg7 13. Qc2 Nh5 14. Be4 Qc7 0-1

[Event "Titled Tue 10th Jun Early"]
[Site "chess.com INT"]
[Date "2025.06.10"]
[Round "3"]
[White "Zaksaite, Salomeja"]
[Black "Hoang, Thi Bao Tram"]
[Result "1-0"]
[WhiteTitle "WGM"]
[BlackTitle "WGM"]
[WhiteElo "2133"]
[BlackElo "2163"]
[WhiteFideId "12801496"]
[BlackFideId "12401102"]
[EventDate "2025.06.10"]

1. e4 c5 2. Nf3 e6 3. d4 cxd4 4. Nxd4 Nf6 5. Nc3 d6 6. Bc4 a6 7. Bb3 Be7 8. Be3
Nbd7 9. Bxe6 fxe6 10. Nxe6 Qa5 11. Nxg7+ Kf7 12. Nf5 Ne5 13. Nxe7 Kxe7 14. O-O
Rg8 15. f4 Neg4 16. Bd4 Be6 17. e5 dxe5 18. fxe5 Nd7 19. Qe1 Qb4 20. Nd5+ 1-0

[Event "Titled Tue 10th Jun Early"]
[Site "chess.com INT"]
[Date "2025.06.10"]
[Round "3"]
[White "Haddouche, Mohamed"]
[Black "Chiang, Jacob"]
[Result "1/2-1/2"]
[WhiteTitle "GM"]
[WhiteElo "2490"]
[BlackElo "2006"]
[WhiteFideId "7900660"]
[BlackFideId "30962331"]
[EventDate "2025.06.10"]

1. e4 c5 2. Nf3 Nc6 3. Bb5 e6 4. O-O Nge7 5. c3 a6 6. Ba4 b5 7. Bc2 d5 8. e5 d4
9. Be4 Bb7 10. Re1 Qc7 11. d3 Rd8 12. a4 b4 13. cxd4 Nxd4 14. Nxd4 Rxd4 15. Be3
Rd8 16. Bxb7 Qxb7 17. Bxc5 Nf5 18. Bxf8 Kxf8 19. Nd2 Rxd3 20. Qe2 Rd5 21. Nc4 g6
22. Rad1 Kg7 23. Rxd5 Qxd5 24. Rd1 Qc5 25. b3 Rc8 26. h3 a5 27. Qd3 h5 28. Qd7
Rc7 29. Qd8 Rc8 30. Qf6+ Kg8 31. Rd7 Rf8 32. Nd6 Qc1+ 33. Kh2 Qf4+ 34. Kg1 Qc1+
35. Kh2 Qf4+ 36. Kg1 Qc1+ 1/2-1/2

[Event "Titled Tue 10th Jun Early"]
[Site "chess.com INT"]
[Date "2025.06.10"]
[Round "3"]
[White "Sailer, Mike"]
[Black "Flynn, Jacob"]
[Result "1-0"]
[BlackTitle "CM"]
[WhiteElo "2108"]
[BlackElo "2274"]
[WhiteFideId "2012901"]
[BlackFideId "2509393"]
[EventDate "2025.06.10"]

1. d4 d5 2. Nf3 Nf6 3. e3 g6 4. Be2 Bg7 5. O-O O-O 6. b3 c5 7. Bb2 cxd4 8. exd4
Nc6 9. Nbd2 Bf5 10. a3 Rc8 11. Rc1 Ne4 12. Ne5 Nxe5 13. Nxe4 Nc6 14. Ng3 e6 15.
Nxf5 gxf5 16. Re1 Kh8 17. Bf1 Qb6 18. c3 Na5 19. b4 Nc4 20. Bxc4 Rxc4 21. a4 Qc7
22. Re3 Bh6 23. Rh3 Bxc1 24. Qxc1 Rg8 25. Qh6 Rg7 26. Qf6 Qd7 27. Rg3 1-0

[Event "Titled Tue 10th Jun Early"]
[Site "chess.com INT"]
[Date "2025.06.10"]
[Round "3"]
[White "Paravyan, David"]
[Black "Beniosev, Daniel"]
[Result "1-0"]
[WhiteTitle "GM"]
[BlackTitle "CM"]
[WhiteElo "2589"]
[BlackElo "1959"]
[WhiteFideId "4194985"]
[BlackFideId "11632674"]
[EventDate "2025.06.10"]

1. d4 Nf6 2. Bf4 c5 3. e3 d5 4. Nf3 Nc6 5. Nbd2 Nh5 6. dxc5 Nxf4 7. exf4 g6 8.
Bb5 Bg7 9. c3 O-O 10. O-O a6 11. Bxc6 bxc6 12. Nd4 Qc7 13. N2f3 Bd7 14. Qd2 Rab8
15. Rfe1 Rfe8 16. Ne5 a5 17. b4 Red8 18. h4 Be8 19. h5 Qb7 20. a3 axb4 21. axb4
Ra8 22. Rxa8 Rxa8 23. f5 Qc7 24. Qe3 g5 25. Qxg5 f6 26. Qxg7+ 1-0

[Event "Titled Tue 10th Jun Early"]
[Site "chess.com INT"]
[Date "2025.06.10"]
[Round "3"]
[White "Garcia Gracia, Victor Hugo"]
[Black "Gavarrete, Nahun"]
[Result "1-0"]
[WhiteTitle "CM"]
[BlackTitle "FM"]
[WhiteElo "2206"]
[BlackElo "2281"]
[WhiteFideId "22295755"]
[BlackFideId "8400709"]
[EventDate "2025.06.10"]

1. e4 e5 2. Nf3 Nc6 3. Bc4 Nf6 4. Ng5 d5 5. exd5 Na5 6. Bb5+ c6 7. dxc6 bxc6 8.
Bd3 h6 9. Ne4 Nxe4 10. Bxe4 f5 11. Qh5+ Ke7 12. Bxf5 Qd5 13. O-O Bxf5 14. Qxf5
Rg8 15. Nc3 Qe6 16. Qe4 Nb7 17. Re1 Kf6 18. d4 Re8 19. dxe5+ Qxe5 20. Qxc6+ Re6
21. Qf3+ Qf5 22. Rxe6+ Kxe6 23. Qxb7 Qxc2 24. Bf4 Ba3 25. Re1+ Kf6 26. Qa6+ Kf5
27. Qe6+ Kxf4 28. g3+ Kf3 29. Re3# 1-0

[Event "Titled Tue 10th Jun Early"]
[Site "chess.com INT"]
[Date "2025.06.10"]
[Round "3"]
[White "Levitan, Judah Nathan"]
[Black "Ilinca, Felix-Antonio"]
[Result "0-1"]
[WhiteTitle "CM"]
[BlackTitle "IM"]
[WhiteElo "2266"]
[BlackElo "2431"]
[WhiteFideId "14332639"]
[BlackFideId "54764998"]
[EventDate "2025.06.10"]

1. e4 c5 2. Nf3 d6 3. d4 cxd4 4. Nxd4 Nf6 5. Nc3 Nc6 6. Bc4 e6 7. Bb3 a6 8. f3
Bd7 9. Be3 Be7 10. Qd2 Na5 11. O-O-O b5 12. a3 Rc8 13. Kb1 Nc4 14. Bxc4 Rxc4 15.
Nb3 O-O 16. g4 Qb8 17. e5 dxe5 18. g5 Nd5 19. Nxd5 exd5 20. Qxd5 Bf5 21. Rc1 Rd8
22. Ba7 Qc7 23. Bb8 Qxb8 0-1

[Event "Titled Tue 10th Jun Early"]
[Site "chess.com INT"]
[Date "2025.06.10"]
[Round "3"]
[White "May Sanchez, Andres Elias"]
[Black "Aloma Vidal, Robert"]
[Result "0-1"]
[WhiteTitle "CM"]
[BlackTitle "IM"]
[WhiteElo "2215"]
[BlackElo "2373"]
[WhiteFideId "5150973"]
[BlackFideId "2260409"]
[EventDate "2025.06.10"]

1. d4 a6 2. c4 b5 3. b3 Nf6 4. Nf3 e6 5. g3 Bb7 6. Bg2 c5 7. O-O cxd4 8. cxb5
axb5 9. Nxd4 Bxg2 10. Kxg2 b4 11. Nd2 d5 12. N2f3 Be7 13. Bf4 O-O 14. Qc2 Re8
15. Rfc1 h6 16. Nb5 Na6 17. Qc6 Ne4 18. Nc7 Nxc7 19. Bxc7 Qc8 20. Nd4 Bf6 21. e3
Nc3 22. a3 e5 23. Nb5 Ra6 24. Qc5 d4 25. axb4 Qa8+ 0-1

[Event "Titled Tue 10th Jun Early"]
[Site "chess.com INT"]
[Date "2025.06.10"]
[Round "3"]
[White "Zepeda Berlanga, Jan Enrique"]
[Black "Mayorau, Mikita1"]
[Result "1-0"]
[WhiteTitle "CM"]
[BlackTitle "GM"]
[WhiteElo "1984"]
[BlackElo "2472"]
[WhiteFideId "5132355"]
[BlackFideId "13501720"]
[EventDate "2025.06.10"]

1. e4 e6 2. d4 d5 3. Nc3 Nf6 4. e5 Nfd7 5. f4 c5 6. Be3 Nc6 7. Nf3 b6 8. Bb5 Bb7
9. O-O Be7 10. f5 cxd4 11. Nxd4 Nxd4 12. Bxd4 exf5 13. e6 fxe6 14. Bxg7 Bc5+ 15.
Kh1 Rg8 16. Qh5+ Ke7 17. Qxh7 Kd6 18. Rae1 Nf6 19. Bxf6 Rh8 20. Be5# 1-0

[Event "Titled Tue 10th Jun Early"]
[Site "chess.com INT"]
[Date "2025.06.10"]
[Round "3"]
[White "Ambartsumian, Tyhran"]
[Black "Chan, Mark"]
[Result "1-0"]
[WhiteTitle "CM"]
[BlackTitle "FM"]
[WhiteElo "2244"]
[BlackElo "2179"]
[WhiteFideId "34161112"]
[BlackFideId "5800560"]
[EventDate "2025.06.10"]

1. g3 d5 2. Bg2 Nf6 3. d3 c6 4. Nf3 g6 5. O-O Bg7 6. Nbd2 O-O 7. e4 Bg4 8. h3
Bxf3 9. Qxf3 Nbd7 10. Qe2 e5 11. c3 Qc7 12. Rd1 a5 13. Kh2 a4 14. Rb1 Nc5 15.
Nf1 dxe4 16. dxe4 Rfd8 17. Rxd8+ Qxd8 18. b4 Qd3 19. Qxd3 Nxd3 20. Be3 a3 21.
Nd2 Nb2 22. Bf1 Bf8 23. Kg2 Na4 24. Rb3 Nb2 25. Kf3 Nd7 26. Nc4 Nxc4 27. Bxc4 b5
28. Be2 c5 29. Bxb5 Nb6 30. bxc5 Nc8 31. c4 f5 32. Bd7 fxe4+ 33. Kxe4 1-0

[Event "Titled Tue 10th Jun Early"]
[Site "chess.com INT"]
[Date "2025.06.10"]
[Round "3"]
[White "Tsydypov, Zhamsaran"]
[Black "Aswath, S"]
[Result "1-0"]
[WhiteTitle "GM"]
[BlackTitle "IM"]
[WhiteElo "2514"]
[BlackElo "2507"]
[WhiteFideId "4108566"]
[BlackFideId "46694919"]
[EventDate "2025.06.10"]

1. e4 g6 2. d4 Bg7 3. Nc3 d6 4. Be3 a6 5. f3 b5 6. Qd2 Bb7 7. h4 h6 8. Nge2 Nd7
9. Ng3 Ngf6 10. h5 g5 11. a4 b4 12. Nce2 a5 13. d5 c5 14. dxc6 Bxc6 15. Nd4 Bb7
16. Ngf5 Bf8 17. Nb5 Nc5 18. e5 Nd5 19. exd6 e6 20. Bxc5 exf5 21. O-O-O Rc8 22.
Nc7+ Nxc7 23. d7+ 1-0

[Event "Titled Tue 10th Jun Early"]
[Site "chess.com INT"]
[Date "2025.06.10"]
[Round "3"]
[White "Pulido Alvarez, Ariel"]
[Black "Loay, Sameer"]
[Result "0-1"]
[WhiteTitle "FM"]
[BlackTitle "IM"]
[WhiteElo "2252"]
[BlackElo "2251"]
[WhiteFideId "3503011"]
[BlackFideId "8104239"]
[EventDate "2025.06.10"]

1. e4 g6 2. d4 Bg7 3. Nc3 d6 4. Nf3 Nf6 5. Bd3 O-O 6. O-O c5 7. d5 e6 8. dxe6
Bxe6 9. Bg5 h6 10. Bh4 Nc6 11. Re1 Ne5 12. Be2 Qb6 13. Qd2 Nxf3+ 14. Bxf3 Qxb2
15. Rab1 Qa3 16. Rxb7 Ng4 17. Nd1 Ne5 18. Qxd6 Nxf3+ 19. gxf3 Qxf3 20. Qg3 Qh5
21. Be7 Rfe8 22. Bxc5 Qxc5 0-1